<?xml version="1.0" encoding="UTF-8"?>
<collection xmlns="http://www.loc.gov/MARC21/slim">
 <record>
  <leader>00705pamaa2200217   4500</leader>
  <controlfield tag="001">0000051867</controlfield>
  <controlfield tag="005">20131127090000.0</controlfield>
  <controlfield tag="008">131127s2011                             eng  </controlfield>
  <datafield tag="020" ind1="0" ind2="0">
   <subfield code="a">9780538735186 </subfield>
  </datafield>
  <datafield tag="082" ind1=" " ind2=" ">
   <subfield code="a">620.0072 VIN 2011</subfield>
  </datafield>
  <datafield tag="090" ind1="0" ind2="0">
   <subfield code="a">TA340 </subfield>
   <subfield code="b">VIN 2011</subfield>
  </datafield>
  <datafield tag="100" ind1="1" ind2="0">
   <subfield code="a">VINING </subfield>
  </datafield>
  <datafield tag="245" ind1="1" ind2="0">
   <subfield code="a">Statistical methods for engineers  </subfield>
   <subfield code="c">G. Geoffrey Vining, Scott Kowalski.</subfield>
  </datafield>
  <datafield tag="250" ind1="0" ind2="0">
   <subfield code="a">3rd ed.</subfield>
  </datafield>
  <datafield tag="260" ind1="0" ind2="0">
   <subfield code="a">Boston, Mass: </subfield>
   <subfield code="b">Cengage Learning, </subfield>
   <subfield code="c">2011.</subfield>
  </datafield>
  <datafield tag="300" ind1=" " ind2=" ">
   <subfield code="a">xvi, 618p.: </subfield>
   <subfield code="b">ill.; </subfield>
   <subfield code="c">25cm.</subfield>
  </datafield>
  <datafield tag="504" ind1="0" ind2="0">
   <subfield code="a">Includes bibliographical references and index</subfield>
  </datafield>
  <datafield tag="650" ind1="0" ind2="0">
   <subfield code="a">Engineering -- </subfield>
   <subfield code="x">Statistical methods </subfield>
  </datafield>
  <datafield tag="650" ind1="0" ind2="0">
   <subfield code="a">Stastistics -- </subfield>
   <subfield code="x">Engineers </subfield>
  </datafield>
  <datafield tag="700" ind1="1" ind2="1">
   <subfield code="a">Kowalski, </subfield>
   <subfield code="h">Scott M. </subfield>
  </datafield>
  <datafield tag="901" ind1=" " ind2=" ">
   <subfield code="u">www.ichapters.com</subfield>
  </datafield>
 </record>
</collection>
